| 000 | 00484nam a2200157Ia 4500 | ||
|---|---|---|---|
| 999 |
_c15559 _d15559 |
||
| 003 | OSt | ||
| 005 | 20200606115826.0 | ||
| 008 | 190216s9999||||xx |||||||||||||| ||und|| | ||
| 040 | _cMESKC library | ||
| 082 |
_a891.431 _bNIL/S |
||
| 100 | 0 |
_aRameśa Nīlakamala, _9160 _d1937- |
|
| 245 | 0 |
_aSambhawanaon Se Pare / _cEdited by Ramesh Neelkamal |
|
| 260 |
_bSanjay Prakashan, _aPatna: _c1988. |
||
| 650 | _aHindi | ||
| 942 |
_cBK _2ddc _h891.431 _iNIL/S _k891.431 _mNIL/S |
||